Vylúčenie retroaktivity vo vzťahu k amnestii?

Pohľad medzinárodného práva k otázkam amnestie a zrušenia amnestie. Medzinárodnoprávny rozmer problematiky. Otázka porušenia medzinárodných záväzkov Slovenskej republiky. Zákaz retroaktivity.

Uložené v:
Podrobná bibliografia
Hlavný autor: Vršanský, Peter
Médium: Kapitola
Jazyk:Slovak
Predmet:
Tagy: Pridať tag
Žiadne tagy, Buďte prvý, kto otaguje tento záznam!

MARC

LEADER 00000naa a2200000 4500
001 0227595
005 20220719123901.1
041 0 |a slo 
044 |a SK 
245 1 0 |a Vylúčenie retroaktivity vo vzťahu k amnestii?  |c Peter Vršanský 
520 |a Pohľad medzinárodného práva k otázkam amnestie a zrušenia amnestie. Medzinárodnoprávny rozmer problematiky. Otázka porušenia medzinárodných záväzkov Slovenskej republiky. Zákaz retroaktivity. 
610 2 0 |a právo medzinárodné 
610 2 0 |a Slovensko 
610 2 0 |a právo štátne 
610 2 0 |a práva ľudské 
100 1 |a Vršanský, Peter